| 000 | 00542nam a2200169Ia 4500 | ||
|---|---|---|---|
| 003 | SGT | ||
| 020 | _a9788120311367 | ||
| 082 |
_a511.322 _bKLI |
||
| 100 | _aKlir, George J. | ||
| 245 | _aFuzzy sets and fuzzy logic : theory and applications | ||
| 260 |
_bPHI Learning Private Limited _aN.Delhi _c1995 |
||
| 300 | _a574p. | ||
| 650 | _aCOMPUTER SCIENCE ENGINEERING | ||
| 653 | _aFROM CLASSICAL (CRISP)SETS TO FUZZY SETS :A GRAND PARADIGM SHIFT,FUZZY SETS VERSUS CRISP SETS, OPERATIONS ON FUZZY SETS | ||
| 700 | _aYuan Bo | ||
| 942 |
_2ddc _cBK |
||
| 999 |
_c5327 _d5327 |
||